000 00229nam a2200085Ia 4500
008 120527s9999 xx 000 0 und d
100 _aOGUNNIYI, N. Tunde
245 _aThe learning Era in modern Architecture in Nigeria
942 _cBK
999 _c25363
_d25363